000 00273nam a22001097a 4500
008 140110t xxu||||| |||| 00| 0 eng d
020 _a978-81-239-1509-8
100 _aLeo Postman
_9633
245 _aExperimental Psychology
_ban introduction
300 _a300
942 _2ddc
_cBK
999 _c16895
_d16895